| 000 | 00650 am a22002055i 4500 | ||
|---|---|---|---|
| 999 |
_c7742 _d7742 |
||
| 001 | 991060945045206706 | ||
| 003 | OSt | ||
| 005 | 20230608163819.0 | ||
| 008 | AAMMDD----- ---|||||-|||||-|| -----|c | ||
| 020 | _a9788441547919 | ||
| 040 |
_aES-BaUB _bcat _erda _cCDMR |
||
| 100 | 1 |
_94671 _aKnaflic, Cole Nussbaumer |
|
| 245 |
_aStorytelling contigo _b: planificar, crear y hacer una presentación estelar / _cCole Nussbaumer Knaflic ; ilustrado por Catherine Madden |
||
| 260 |
_aMadrid _b: Anaya Multimedia, _c2023 |
||
| 300 | _a317 pàgines | ||
| 650 | 0 |
_93737 _aComunicació visual |
|
| 650 | 0 |
_94608 _aInfografia |
|
| 940 | _aUB | ||
| 942 |
_2udc _cMON |
||